La zona económica exclusiva: una perspectiva latinoamericana
Gorde:
| Egile nagusia: | |
|---|---|
| Formatua: | Liburua |
| Hizkuntza: | gaztelania |
| Argitaratua: |
Santiago
Universidad de Chile. Instituto de Estudios Internacionales
1982
|
| Saila: | Estudios Internacionales
|
| Gaiak: | |
| Etiketak: |
Etiketa erantsi
Etiketarik gabe, Izan zaitez lehena erregistro honi etiketa jartzen!
|
MARC
| LEADER | 00000nam a2200000 a 4500 | ||
|---|---|---|---|
| 001 | UCV5025 | ||
| 003 | CL-VaPUC | ||
| 005 | 20230622095130.0 | ||
| 008 | 920330e19820000cl 1 spa d | ||
| 082 | 0 | 4 | |a 341.448 |b ORR |2 21 |
| 100 | |a Orrego Vicuña, Francisco |e autor |9 452093 | ||
| 245 | 1 | 3 | |a La zona económica exclusiva: una perspectiva latinoamericana |
| 260 | |a Santiago |b Universidad de Chile. Instituto de Estudios Internacionales |c 1982 | ||
| 300 | |a 191 p | ||
| 490 | 0 | |a Estudios Internacionales | |
| 583 | |a last modification |c 19920330 00:00:00 |k Rodrigo Vera | ||
| 650 | 0 | 0 | |a Aguas jurisdiccionales |9 295070 |
| 650 | 0 | 0 | |a Congresos |9 257560 |
| 651 | 0 | |a América Latina |9 255027 | |
| 942 | |c BK | ||
| 945 | |d 19920330 00:00:00 | ||
| 546 | |a En Español | ||
| 518 | |p Seminario Internacional sobre la Zona Económica Exclusiva y el Régimen de la Pesca, Iquique, Chile, 1981 | ||
| 999 | |c 381969 |d 381967 | ||
| 952 | |0 0 |1 0 |2 ddc |4 0 |6 341_448000000000000_ORR_1982 |7 0 |8 CCM |9 503359 |a BIBCUR |b BIBCUR |c PAC |d 2020-01-23 |i 2589664 |o 341.448 ORR 1982 |p 2589664 |r 2025-04-22 |w 2020-01-23 |y BK |k CIM | ||
| 952 | |0 0 |1 0 |4 0 |6 341_448000000000000_ORR_1982 |7 0 |8 A |9 503360 |a BIBDER |b BIBDER |d 2020-01-23 |i 1822500 |o 341.448 ORR 1982 |p 1822500 |r 2023-01-25 |w 2020-01-23 |y BK |k DER | ||